000 00407nam a22001577a 4500
005 20240209055052.0
008 240209b |||||||| |||| 00| 0 eng d
020 _a8174451773.
082 _222
_a306.8
_bVEE.
100 _aPandey pani veena.
245 _aProblems of women's marriage and violence :
260 _aNew delhi.
_bMohit Publication.
_c2002.
300 _a252 p.,
650 _agender
942 _cL
999 _c362
_d362